[Event "293rd YMCA Autumn B"]
[Site "Warsaw"]
[Date "2024.10.24"]
[Round "5"]
[White "Kasperski, Marcin"]
[Black "Jaroszuk, Marcin"]
[Result "1-0"]
[WhiteElo "1737"]
[BlackElo "1747"]
[PlyCount "107"]
[EventDate "2024.09.25"]
[EventType "tourn"]
[EventRounds "1"]
[EventCountry "POL"]
[SourceDate "2024.09.25"]

1. c4 Nf6 2. g3 e6 3. Bg2 d5 4. Nf3 Be7 5. O-O O-O 6. b3 d4 7. d3 c5 8. Na3 Nc6
9. Nc2 e5 10. Nd2 Be6 11. a3 a5 12. Rb1 Qd7 13. Ne4 Nxe4 14. Bxe4 f5 15. Bg2
Rad8 16. Bd2 e4 17. b4 axb4 18. axb4 Ne5 19. Bf4 Ng6 20. Bc1 b6 21. bxc5 Bxc5
22. Nb4 Qb7 23. Qc2 Ne5 24. Bf4 Ng6 25. Bg5 Be7 26. Bxe7 Nxe7 27. dxe4 Qc7 28.
Rfc1 Rc8 29. Nd5 Nxd5 30. exd5 Bd7 31. Qb2 Rfe8 32. Bf3 f4 33. Qxd4 fxg3 34.
hxg3 Qc5 35. Qxc5 bxc5 36. Kg2 Bf5 37. Rb5 g5 38. g4 Bd7 39. Rb7 Red8 40. Rh1
Rb8 41. Rc7 Rbc8 42. Rxc8 Bxc8 43. e3 Kg7 44. Kg3 Rd6 45. Be4 h6 46. Ra1 Kf6
47. Ra5 Ke5 48. Bd3 h5 49. gxh5 Rh6 50. Rxc5 Bd7 51. Bg6 Rh8 52. Rc7 Kd6 53.
Ra7 Rc8 54. Rxd7+ 1-0

[Event "293rd YMCA Autumn B"]
[Site "Warsaw"]
[Date "2024.10.23"]
[Round "5"]
[White "Kwiecinski, Rafal"]
[Black "Mazan, Dawid"]
[Result "0-1"]
[WhiteElo "1697"]
[BlackElo "1710"]
[PlyCount "39"]
[EventDate "2024.09.25"]
[EventType "tourn"]
[EventRounds "1"]
[EventCountry "POL"]
[SourceDate "2024.09.25"]

1. e4 e5 2. Nc3 Nf6 3. Nf3 Nc6 4. Bb5 Nd4 5. Ba4 Bc5 6. O-O Qe7 7. d3 h6 8. Be3
O-O 9. Bxd4 exd4 10. e5 dxc3 11. exf6 Qxf6 12. bxc3 Qxc3 13. Qe2 d6 14. Nd2 Qd4
15. Bb3 Bg4 16. Qe7 d5 17. Qxc7 Qc3 18. Qf4 Be2 19. Rfe1 g5 20. Qc7 0-1

[Event "293rd YMCA Autumn B"]
[Site "Warsaw"]
[Date "2024.10.30"]
[Round "6"]
[White "Bryszewski, Mateusz"]
[Black "Kasperski, Marcin"]
[Result "1-0"]
[WhiteElo "1733"]
[BlackElo "1737"]
[PlyCount "171"]
[EventDate "2024.09.25"]
[EventType "tourn"]
[EventRounds "1"]
[EventCountry "POL"]
[SourceDate "2024.09.25"]

1. e3 c5 2. Nf3 Nc6 3. b3 Nf6 4. Bb2 d6 5. Be2 Qc7 6. O-O Bf5 7. d4 O-O-O 8. c4
h6 9. d5 Nb8 10. b4 Nbd7 11. Qa4 Kb8 12. Na3 Ka8 13. bxc5 Nxc5 14. Qd1 g5 15.
Nd4 Bg6 16. Nb3 Rg8 17. Nb5 Qb8 18. Nxc5 dxc5 19. Qa4 Ne4 20. Be5 Nd6 21. Nxd6
exd6 22. Bf6 Bg7 23. Bxg7 Rxg7 24. Rfe1 f6 25. Qd1 $11 Re7 26. Bd3 Bf7 27. Bf5
Re5 28. e4 Rf8 29. Rb1 Re7 30. Qd2 h5 31. Qc3 Be8 32. Rb3 h4 33. Qd2 Rg7 34.
Reb1 Bh5 35. Qc1 Rff7 36. Qb2 Qd8 37. Qd2 Rc7 38. R1b2 Qe8 39. Rb1 Qe5 40. Qb2
Qxb2 41. R3xb2 Rce7 42. Kf1 Kb8 43. a4 Be8 44. a5 g4 45. Rb3 Ba4 46. Rc3 Rg5
47. Ra3 Bc2 48. Re1 g3 49. hxg3 hxg3 50. f3 Rh5 51. Bh3 Rh4 52. Rc1 Bxe4 53.
fxe4 Rexe4 54. Rxg3 Rhf4+ 55. Kg1 a6 56. Rgc3 Re2 57. Rb3 Rfe4 58. Ra3 Re1+ 59.
Rxe1 Rxe1+ 60. Kf2 Rc1 61. Ra4 Rc3 62. g3 Kc7 63. Bf1 Kd7 64. Ra2 Rb3 65. Be2
Kd8 66. g4 Kd7 67. Ke1 Ke7 68. Kd2 Kf7 69. Bd3 Kg7 70. Kc2 Rb4 71. Rb2 Ra4 72.
Rxb7+ Kh6 73. Kb3 Rxa5 74. Rb6 Kg5 75. Rxd6 Kxg4 76. Rxf6 Ra1 77. d6 Rd1 78.
Kc2 Rh1 79. d7 Rh8 80. Rxa6 Rd8 81. Rd6 Kf4 82. Rd5 Ke3 83. Bg6 Kf4 84. Be8 Ke4
85. Rxc5 Kd4 86. Rc8 1-0

[Event "293rd YMCA Autumn B"]
[Site "Warsaw"]
[Date "2024.10.31"]
[Round "6"]
[White "Malicka, Magdalena"]
[Black "Sternik, Piotr"]
[Result "0-1"]
[WhiteElo "1703"]
[BlackElo "1840"]
[PlyCount "166"]
[EventDate "2024.09.25"]
[EventType "tourn"]
[EventRounds "1"]
[EventCountry "POL"]
[SourceDate "2024.09.25"]

1. e4 e5 2. Nf3 Nf6 3. Nxe5 d6 4. Nf3 Nxe4 5. Nc3 Nxc3 6. dxc3 Bg4 7. h3 Bh5 8.
Qd5 Bxf3 9. Qxf3 c6 10. Be3 Be7 11. O-O-O O-O 12. Bd3 Nd7 13. Qe4 g6 14. f4 d5
15. Qf3 Bc5 16. Bd4 Bxd4 17. cxd4 Qa5 18. Kb1 Rae8 19. h4 Nf6 20. h5 Ne4 21.
Bxe4 Rxe4 22. Qh3 Qc7 23. f5 g5 24. f6 h6 25. c4 dxc4 26. Rhe1 Rfe8 27. Rxe4
Rxe4 28. Qf5 Re2 29. d5 c3 30. d6 Rxb2+ 31. Ka1 Qd8 32. Qe5 Rd2 33. Rxd2 cxd2
34. Qd4 d1=R+ 35. Qxd1 Qxf6+ 36. Kb1 Qf5+ 37. Kb2 Qd7 38. Qd4 Qd8 39. Qe5 f6
40. Qe6+ Kf8 41. Kc2 a6 42. Kd3 b5 43. Kc2 c5 44. Qd5 c4 45. Qc6 Kf7 46. Qxa6
Qd7 47. Qb6 Ke6 48. Kc1 f5 49. Qc5 f4 50. Qb6 Kd5 51. a3 Qxd6 52. Qxb5+ Kd4 53.
Qb2+ Ke3 54. Qc3+ Qd3 55. Qe5+ Kf2 56. Qg7 Qxa3+ 57. Kc2 Qd3+ 58. Kb2 c3+ 59.
Ka2 Qd2+ 60. Kb3 c2 61. Qb2 Qe3+ 62. Kxc2 Kg3 63. Qg7 Qe2+ 64. Kc1 Qxh5 65.
Qc3+ Kxg2 66. Qd2+ Kf1 67. Qd3+ Qe2 68. Qh3+ Kg1 69. Qxh6 Qe3+ 70. Kd1 f3 71.
Qh5 Qe2+ 72. Kc1 Qg2 73. Qh6 f2 74. Qb6 g4 75. Kc2 Kh1 76. Qh6+ Qh3 77. Qc6+
Qf3 78. Qh6+ Kg2 79. Qd2 Qe4+ 80. Kb2 Kg1 81. Qa5 Qd4+ 82. Kc2 f1=Q 83. Qa3
Qfd1# 0-1

[Event "293rd YMCA Autumn B"]
[Site "Warsaw"]
[Date "2024.10.31"]
[Round "6"]
[White "Leszczewicz, Karol"]
[Black "Bronowski, Franciszek"]
[Result "1-0"]
[WhiteElo "1801"]
[BlackElo "1709"]
[PlyCount "63"]
[EventDate "2024.09.25"]
[EventType "tourn"]
[EventRounds "1"]
[EventCountry "POL"]
[SourceDate "2024.09.25"]

1. d4 Nf6 2. Bg5 c5 3. Bxf6 gxf6 4. d5 Qb6 5. Qc1 Bg7 6. c4 f5 7. Nc3 d6 8. e3
Nd7 9. Qc2 Ne5 10. Nh3 Bd7 11. Be2 a6 12. Nf4 Rg8 13. Nh5 Bh8 14. Ng3 O-O-O 15.
O-O Bf6 16. Rab1 Ng6 17. a3 f4 18. exf4 Nxf4 19. Bf3 h5 20. b4 h4 21. bxc5 Qxc5
22. Nce4 Qxa3 23. c5 Ba4 24. Nxd6+ exd6 25. Qf5+ Bd7 26. Qxf6 dxc5 27. Qxf4
hxg3 28. fxg3 Rge8 29. d6 Bb5 30. Qxf7 Qe3+ 31. Kh1 Rd7 32. Bg4 1-0

[Event "293rd YMCA Autumn B"]
[Site "Warsaw"]
[Date "2024.11.06"]
[Round "6"]
[White "Pichurko, Jakub"]
[Black "Sypula, Krzysztof"]
[Result "1-0"]
[WhiteElo "1772"]
[BlackElo "1713"]
[PlyCount "65"]
[EventDate "2024.09.25"]
[EventType "tourn"]
[EventRounds "1"]
[EventCountry "POL"]
[SourceDate "2024.09.25"]

1. c4 d6 2. Nc3 g6 3. g3 Bg7 4. Bg2 e5 5. e3 Nc6 6. Nge2 Nge7 7. O-O Be6 8. Nd5
O-O 9. d4 exd4 10. exd4 Nf5 11. Be3 Bxd5 12. cxd5 Nxe3 13. fxe3 Ne7 14. e4 c6
15. dxc6 Nxc6 16. Qd2 Qb6 17. Rad1 Rac8 18. a3 Rc7 19. b4 Rfc8 20. Kh1 Ne7 21.
Qf4 f5 22. g4 Rf8 23. exf5 gxf5 24. g5 Rc2 25. Qe3 Qc7 26. Rc1 Rxc1 27. Rxc1
Qd7 28. Nf4 Re8 29. Re1 Kf8 30. Ne6+ Kf7 31. Nxg7 Kxg7 32. Qe6 Qxe6 33. Rxe6
1-0

[Event "293rd YMCA Autumn B"]
[Site "Warsaw"]
[Date "2024.11.07"]
[Round "7"]
[White "Bronowski, Franciszek"]
[Black "Pichurko, Jakub"]
[Result "1/2-1/2"]
[WhiteElo "1709"]
[BlackElo "1772"]
[PlyCount "47"]
[EventDate "2024.09.25"]
[EventType "tourn"]
[EventRounds "1"]
[EventCountry "POL"]
[SourceDate "2024.09.25"]

1. e4 e5 2. Nf3 Nf6 3. d4 Nxe4 4. Bd3 d5 5. dxe5 Be7 6. O-O O-O 7. Nc3 Bf5 8.
Qe1 Bb4 9. a3 Bxc3 10. bxc3 Bg6 11. Rb1 b6 12. c4 Nc5 13. Bxg6 hxg6 14. cxd5
Qxd5 15. Be3 Nbd7 16. Rd1 Qe4 17. Bxc5 Qxe1 18. Rfxe1 Nxc5 19. Ng5 Rfe8 20. f4
Rad8 21. c4 Kf8 22. Rd5 c6 23. Rxd8 Rxd8 24. e6 $11 1/2-1/2

[Event "293rd YMCA Autumn B"]
[Site "Warsaw"]
[Date "2024.11.12"]
[Round "7"]
[White "Sternik, Piotr"]
[Black "Leszczewicz, Karol"]
[Result "1-0"]
[WhiteElo "1840"]
[BlackElo "1801"]
[PlyCount "101"]
[EventDate "2024.09.25"]
[EventType "tourn"]
[EventRounds "1"]
[EventCountry "POL"]
[SourceDate "2024.09.25"]

1. d4 Nf6 2. Bg5 d5 3. Bxf6 gxf6 4. Nf3 c5 5. e3 Qb6 6. Nc3 e6 7. dxc5 Bxc5 8.
a3 a6 9. b4 Bd6 10. e4 Qc7 11. Qd3 Be5 12. Nxe5 Qxe5 13. O-O-O Qf4+ 14. Kb1 O-O
15. exd5 a5 16. Qg3+ Qxg3 17. hxg3 axb4 18. axb4 Na6 19. Rh4 f5 20. Be2 Kg7 21.
b5 Nc5 22. Rc4 b6 23. d6 Bd7 24. Bf3 Rac8 25. Be2 Ne4 26. Rxc8 Rxc8 27. Nxe4
fxe4 28. c4 Kf6 29. Kb2 Rd8 30. Kc3 Ke5 31. Kb4 Be8 32. c5 bxc5+ 33. Kxc5 Rc8+
34. Kb6 Rd8 35. f4+ exf3 36. Bxf3 Rb8+ 37. Bb7 Bxb5 38. Kxb5 Rxb7+ 39. Kc6 Rb8
40. Kc7 Ra8 41. d7 Kf5 42. d8=Q Rxd8 43. Kxd8 Kg4 44. Rd3 f5 45. Ke7 e5 46. Ke6
f4 47. Kxe5 fxg3 48. Rd4+ Kg5 49. Ke4 h5 50. Kf3 h4 51. Rd5+ 1-0

[Event "293rd YMCA Autumn B"]
[Site "Warsaw"]
[Date "2024.11.08"]
[Round "7"]
[White "Gozdzikowski, Franciszek"]
[Black "Malicka, Magdalena"]
[Result "1-0"]
[WhiteElo "1840"]
[BlackElo "1703"]
[PlyCount "141"]
[EventDate "2024.09.25"]
[EventType "tourn"]
[EventRounds "1"]
[EventCountry "POL"]
[SourceDate "2024.09.25"]

1. e4 e5 2. Nf3 Nc6 3. Bb5 a6 4. Ba4 d6 5. O-O Bd7 6. d4 g6 7. dxe5 dxe5 8.
Bxc6 Bxc6 9. Nxe5 Bxe4 10. Qe2 f5 11. Nc3 Nf6 12. Bg5 Qd6 13. Bxf6 Qxf6 14.
Nxe4 fxe4 15. Qxe4 O-O-O 16. Qg4+ Kb8 17. Nd7+ Rxd7 18. Qxd7 Bd6 19. c3 Rd8 20.
Qh3 h5 21. Rae1 Bc5 22. Qe6 Qg7 23. b4 Bd6 24. a4 g5 25. Rb1 Qxc3 26. b5 axb5
27. axb5 h4 28. b6 cxb6 29. Qe3 Qxe3 30. fxe3 Bc5 31. Rfe1 Re8 32. Rb3 Kc7 33.
Kf1 g4 34. e4 Rf8+ 35. Ke2 Rf2+ 36. Kd1 Rxg2 37. Re2 Rg1+ 38. Re1 Rg2 39. Re2
Rg1+ 40. Kd2 g3 41. hxg3 hxg3 42. e5 Bf2 43. Rb4 Ra1 44. Rg4 Ra2+ 45. Kd3 Ra3+
46. Kc2 Ra2+ 47. Kd1 Ra1+ 48. Kc2 Ra2+ 49. Kd3 Rxe2 50. Kxe2 Kd7 51. Kf3 Ke6
52. Ke4 b5 53. Rg6+ Kf7 54. Kf5 b4 55. e6+ Kf8 56. Rg4 b3 57. Kf6 Bc5 58. Rxg3
Bd4+ 59. Kf5 b2 60. Rb3 b6 61. Ke4 Bf6 62. Rxb6 Ke7 63. Kd5 Bc3 64. Rb7+ Kd8
65. Kd6 Kc8 66. Rb3 Be1 67. e7 Bg3+ 68. Rxg3 b1=Q 69. e8=Q+ Kb7 70. Qc6+ Ka7
71. Ra3+ 1-0

[Event "293rd YMCA Autumn B"]
[Site "Warsaw"]
[Date "2024.11.07"]
[Round "7"]
[White "Kasperski, Marcin"]
[Black "Kania, Tomasz"]
[Result "1/2-1/2"]
[WhiteElo "1737"]
[BlackElo "1824"]
[PlyCount "107"]
[EventDate "2024.09.25"]
[EventType "tourn"]
[EventRounds "1"]
[EventCountry "POL"]
[SourceDate "2024.09.25"]

1. e4 c5 2. Nf3 Nc6 3. d4 cxd4 4. Nxd4 g6 5. Be3 Bg7 6. c3 Nf6 7. f3 O-O 8. Na3
d5 9. Nxc6 bxc6 10. exd5 cxd5 11. Be2 e5 12. O-O Nh5 13. Bc5 Re8 14. Bb5 Re6
15. Qd2 Bb7 16. Rfd1 Qc7 17. Bf2 a6 18. Bf1 Rae8 19. Nc2 Rd8 20. Rac1 Nf4 21.
g3 Nh5 22. Bh3 Ree8 23. Bg2 f5 24. a3 f4 25. Qe1 Re7 26. Qf1 a5 27. Qb5 Bc6 28.
Qb6 fxg3 29. hxg3 Qxb6 $11 30. Bxb6 Rb8 31. Bxa5 Rxb2 32. Nb4 Ba4 33. Rxd5 Nxg3
34. Re1 Ne2+ 35. Kh1 Nxc3 36. Rd8+ Kf7 37. Nd3 Rc2 38. Bb4 Rd7 $11 39. Rxd7+
Bxd7 40. Nxe5+ Bxe5 41. Rxe5 Be6 42. Rc5 Rc1+ 43. Kh2 Ne2 44. Rxc1 Nxc1 45. Bf1
Nb3 46. Kg3 Bd5 47. f4 h6 48. Bd3 Nd4 49. a4 Nf5+ 50. Kf2 Ke6 51. Bb5 g5 52.
fxg5 hxg5 53. Bc5 Nd6 54. Bxd6 $11 1/2-1/2

[Event "293rd YMCA Autumn B"]
[Site "Warsaw"]
[Date "2024.11.29"]
[Round "7"]
[White "Mazan, Dawid"]
[Black "Jaroszuk, Marcin"]
[Result "0-1"]
[WhiteElo "1710"]
[BlackElo "1747"]
[PlyCount "120"]
[EventDate "2024.09.25"]
[EventType "tourn"]
[EventRounds "1"]
[EventCountry "POL"]
[SourceDate "2024.09.25"]

1. e4 e6 2. d4 d5 3. e5 c5 4. c3 Nc6 5. Nf3 Bd7 6. Bd3 Rc8 7. a3 cxd4 8. cxd4
Qb6 9. Bc2 Nh6 10. Nc3 a6 11. O-O Na5 12. Rb1 Qa7 13. Bxh6 gxh6 14. Qd3 Nc4 15.
Nd2 b5 16. Nxc4 Rxc4 17. Ne2 b4 18. b3 Rxc2 19. Qxc2 bxa3 20. f4 Bg7 21. Qd2
Bb5 22. Rfd1 f6 23. Kh1 Rf8 24. Ra1 fxe5 25. dxe5 Qf2 26. Nd4 Qxd2 27. Rxd2
Rxf4 28. Nxe6 Bxe5 29. Nxf4 Bxa1 30. Nxd5 Bb2 31. Nc7+ Kf7 32. Nxb5 axb5 33.
Rd7+ Ke6 34. Ra7 Kd5 35. g4 Kc5 36. h4 Kb4 37. g5 hxg5 38. hxg5 Kxb3 39. Rxh7
a2 40. Ra7 a1=Q+ 41. Rxa1 Bxa1 42. g6 Kc2 43. Kg2 Bc3 44. Kf3 b4 45. Ke4 b3 46.
g7 Bxg7 47. Kd5 b2 48. Kc4 b1=Q 49. Kd5 Kd3 50. Kc5 Bd4+ 51. Kd5 Qb3+ 52. Kc6
Qe6+ 53. Kc7 Ba1 54. Kb7 Qd6 55. Kc8 Qe7 56. Kb8 Qd7 57. Ka8 Kc4 58. Kb8 Kb5
59. Ka8 Kb6 60. Kb8 Qe8# 0-1

[Event "293rd YMCA Autumn B"]
[Site "Warsaw"]
[Date "2024.11.13"]
[Round "8"]
[White "Bryszewski, Mateusz"]
[Black "Mazan, Dawid"]
[Result "0-1"]
[WhiteElo "1733"]
[BlackElo "1710"]
[PlyCount "50"]
[EventDate "2024.09.25"]
[EventType "tourn"]
[EventRounds "1"]
[EventCountry "POL"]
[SourceDate "2024.09.25"]

1. e4 e5 2. Nf3 Nc6 3. Bc4 Bc5 4. O-O Nf6 5. d4 exd4 6. e5 d5 7. exd6 Qxd6 8.
Re1+ Ne7 9. c3 dxc3 10. Qb3 O-O 11. Nxc3 Qb6 12. Be3 Qxb3 13. Bxb3 Bxe3 14.
Rxe3 Nf5 15. Rd3 Nd6 16. Re1 Bf5 17. Rde3 Rae8 18. Re7 c6 19. h3 Rxe7 20. Rxe7
Re8 21. Rc7 Kf8 22. Nd4 Bc8 23. g4 Re1+ 24. Kg2 Nfe8 25. Ncb5 cxb5 0-1

[Event "293rd YMCA Autumn B"]
[Site "Warsaw"]
[Date "2024.11.15"]
[Round "8"]
[White "Malicka, Magdalena"]
[Black "Kasperski, Marcin"]
[Result "1-0"]
[WhiteElo "1703"]
[BlackElo "1737"]
[PlyCount "61"]
[EventDate "2024.09.25"]
[EventType "tourn"]
[EventRounds "1"]
[EventCountry "POL"]
[SourceDate "2024.09.25"]

1. d4 Nf6 2. Nc3 d5 3. Bf4 c6 4. e3 Bg4 5. f3 Bf5 6. g4 Bg6 7. h4 h5 8. g5 Nfd7
9. Nh3 Nb6 10. Bh2 e6 11. Nf4 Bf5 12. Bd3 Bxd3 13. Qxd3 Qd7 14. g6 f5 15. O-O-O
Na6 16. e4 O-O-O 17. exf5 exf5 18. a3 Be7 19. Rde1 Bxh4 20. Re5 Bf6 21. Rxf5 h4
22. Nh5 Bxd4 23. Rf7 Qe6 24. Qxd4 Rxh5 25. Qxg7 Nd7 26. Re7 Qf5 27. Rhe1 Rg5
28. Re8 Rxg6 29. Rxd8+ Kxd8 30. Qe7+ Kc8 31. Qe8# 1-0

[Event "293rd YMCA Autumn B"]
[Site "Warsaw"]
[Date "2024.11.27"]
[Round "8"]
[White "Leszczewicz, Karol"]
[Black "Gozdzikowski, Franciszek"]
[Result "1-0"]
[WhiteElo "1801"]
[BlackElo "1840"]
[PlyCount "71"]
[EventDate "2024.09.25"]
[EventType "tourn"]
[EventRounds "1"]
[EventCountry "POL"]
[SourceDate "2024.09.25"]

1. e4 e5 2. Nf3 Nc6 3. Bb5 a6 4. Ba4 Nf6 5. O-O Be7 6. Re1 b5 7. Bb3 O-O 8. a4
Bb7 9. d3 d6 10. h3 h6 11. Nbd2 Re8 12. Nf1 Bf8 13. Ne3 Na5 14. Ba2 b4 15. Nc4
Nxc4 16. Bxc4 d5 17. exd5 Qd6 18. Nh4 Nxd5 19. Nf5 Qg6 20. Qg4 Qxg4 21. hxg4
Nf4 22. Bxf4 exf4 23. Nd4 g6 24. Nb3 Bg7 25. Na5 Rxe1+ 26. Rxe1 Rb8 27. Re7 Kh8
28. Rxc7 Ba8 29. b3 f3 30. Bxa6 fxg2 31. Rc8+ Rxc8 32. Bxc8 Bf3 33. Bb7 Bd1 34.
Nc6 Bxc2 35. a5 Bf8 36. d4 1-0

[Event "293rd YMCA Autumn B"]
[Site "Warsaw"]
[Date "2024.11.14"]
[Round "8"]
[White "Pichurko, Jakub"]
[Black "Sternik, Piotr"]
[Result "0-1"]
[WhiteElo "1772"]
[BlackElo "1840"]
[PlyCount "58"]
[EventDate "2024.09.25"]
[EventType "tourn"]
[EventRounds "1"]
[EventCountry "POL"]
[SourceDate "2024.09.25"]

1. d4 Nf6 2. Nf3 e6 3. e3 c5 4. Bd3 Be7 5. O-O O-O 6. Nbd2 d5 7. b3 Nc6 8. a3
Bd6 9. Bb2 Re8 10. Ne5 Qc7 11. f4 a6 12. Rf3 b5 13. Rh3 h6 14. Nxc6 Qxc6 15.
dxc5 Bxc5 16. Bxf6 gxf6 17. Qh5 Kf8 18. Qxh6+ Ke7 19. Rg3 Bb7 20. b4 Rh8 21.
Bh7 Bb6 22. c4 dxc4 23. Qg7 Rxh7 24. Qxh7 Bxe3+ 25. Kh1 Bxd2 26. Rg7 Rf8 27.
Rf1 c3 28. Qd3 Qc4 29. Rg3 c2 0-1

[Event "293rd YMCA Autumn B"]
[Site "Warsaw"]
[Date "2024.11.20"]
[Round "8"]
[White "Sypula, Krzysztof"]
[Black "Bronowski, Franciszek"]
[Result "0-1"]
[WhiteElo "1713"]
[BlackElo "1709"]
[PlyCount "48"]
[EventDate "2024.09.25"]
[EventType "tourn"]
[EventRounds "1"]
[EventCountry "POL"]
[SourceDate "2024.09.25"]

1. d4 d5 2. Bg5 c6 3. Nf3 Qb6 4. b3 g6 5. e3 Bg7 6. Be2 Nd7 7. O-O Ngf6 8. Nbd2
O-O 9. c4 c5 10. Rc1 cxd4 11. Nxd4 e5 12. Nc2 d4 13. exd4 exd4 14. Nf3 Ne4 15.
Bf4 Nc3 16. Qd2 Nxa2 17. Ra1 Nc3 18. Bd3 Nc5 19. Ncxd4 N5e4 20. Qe3 Re8 21.
Bxe4 Rxe4 22. Qxc3 Rxf4 23. Rad1 Bg4 24. Qe3 Rxd4 0-1

[Event "293rd YMCA Autumn B"]
[Site "Warsaw"]
[Date "2024.11.21"]
[Round "9"]
[White "Sternik, Piotr"]
[Black "Sypula, Krzysztof"]
[Result "1-0"]
[WhiteElo "1840"]
[BlackElo "1713"]
[PlyCount "37"]
[EventDate "2024.09.25"]
[EventType "tourn"]
[EventRounds "1"]
[EventCountry "POL"]
[SourceDate "2024.09.25"]

1. d4 Nf6 2. c4 c5 3. d5 e5 4. dxe6 fxe6 5. g3 Be7 6. Bg2 Nc6 7. Nc3 O-O 8. Nf3
d6 9. O-O a6 10. Ng5 Ne8 11. h4 Nc7 12. Qc2 Bxg5 13. Bxg5 Qd7 14. Rad1 Nd4 15.
Qd3 Ne8 16. Be3 Nf5 17. Bxc5 dxc5 18. Qxd7 Bxd7 19. Rxd7 1-0

[Event "293rd YMCA Autumn B"]
[Site "Warsaw"]
[Date "2024.11.22"]
[Round "9"]
[White "Gozdzikowski, Franciszek"]
[Black "Pichurko, Jakub"]
[Result "1-0"]
[WhiteElo "1840"]
[BlackElo "1772"]
[PlyCount "71"]
[EventDate "2024.09.25"]
[EventType "tourn"]
[EventRounds "1"]
[EventCountry "POL"]
[SourceDate "2024.09.25"]

1. e4 c6 2. d4 d5 3. Nc3 dxe4 4. Nxe4 Nf6 5. Nxf6+ exf6 6. c3 Bd6 7. Bd3 O-O 8.
Qc2 h5 9. Be3 Re8 10. O-O-O Nd7 11. g4 Qa5 12. gxh5 Qxh5 13. Ne2 Nf8 14. Rdg1
Be6 15. Ng3 Qh4 16. Nf5 Bxf5 17. Bxf5 Bf4 $11 18. Qd2 Bxe3 19. fxe3 Qh6 20. Rg3
Ne6 21. Rhg1 Ng5 22. h4 Ne6 23. Qg2 Re7 24. Kb1 Rd8 25. e4 Red7 26. a3 Kf8 27.
Ka2 a5 28. d5 cxd5 29. exd5 Rxd5 30. Bxe6 fxe6 31. Rxg7 R8d7 32. Rxd7 Rxd7 33.
Qg8+ Ke7 34. Rg7+ Kd6 35. Qb8+ Kc6 36. Qc8+ 1-0

[Event "293rd YMCA Autumn B"]
[Site "Warsaw"]
[Date "2024.11.26"]
[Round "9"]
[White "Mazan, Dawid"]
[Black "Kania, Tomasz"]
[Result "1/2-1/2"]
[WhiteElo "1710"]
[BlackElo "1824"]
[PlyCount "87"]
[EventDate "2024.09.25"]
[EventType "tourn"]
[EventRounds "1"]
[EventCountry "POL"]
[SourceDate "2024.09.25"]

1. Nf3 d5 2. b3 Nf6 3. Bb2 Bf5 4. e3 Nbd7 5. c4 c6 6. Nc3 e6 7. d4 Bd6 8. Bd3
Bxd3 9. Qxd3 O-O 10. O-O Qe7 11. e4 dxe4 12. Nxe4 Nxe4 13. Qxe4 Nf6 14. Qc2 Ba3
15. Bc3 Bb4 16. Rfe1 Rfd8 17. Rad1 a5 18. Ne5 Ra7 19. Re3 Rda8 20. Rh3 h6 21.
a4 Rd8 22. Bb2 Bd6 23. Re1 Ba3 24. Ba1 Qd6 25. Rg3 b6 26. c5 bxc5 27. dxc5 Bxc5
28. Nxc6 Qd2 29. Qxd2 Rxd2 30. Nxa7 Bxf2+ 31. Kf1 Bxa7 32. Rc1 Rf2+ 33. Ke1 Nh5
34. Rc8+ Kh7 35. Rf3 Rxg2 36. Rxf7 Be3 37. Be5 Rg5 38. Bc3 Nf4 39. Kd1 Rg1+ 40.
Kc2 Rg2+ 41. Kd1 Rg1+ 42. Kc2 Rg2+ 43. Kd1 Rg1+ 44. Kc2 $11 1/2-1/2

[Event "293rd YMCA Autumn B"]
[Site "Warsaw"]
[Date "2024.11.20"]
[Round "9"]
[White "Jaroszuk, Marcin"]
[Black "Bryszewski, Mateusz"]
[Result "0-1"]
[WhiteElo "1747"]
[BlackElo "1733"]
[PlyCount "86"]
[EventDate "2024.09.25"]
[EventType "tourn"]
[EventRounds "1"]
[EventCountry "POL"]
[SourceDate "2024.09.25"]

1. d4 d5 2. Nf3 c5 3. g3 cxd4 4. Bg2 Nf6 5. O-O e6 6. Nxd4 e5 7. Nf3 Qc7 8. Bg5
Nbd7 9. Nbd2 h6 10. Bxf6 Nxf6 11. c4 d4 12. Qc2 Bc5 13. b4 Be7 14. Ne4 O-O 15.
Nxf6+ Bxf6 16. Nd2 Be6 17. Rac1 Rac8 18. c5 b6 19. c6 b5 20. a4 a6 21. axb5
axb5 22. Qc5 Rb8 23. Nf3 Rfd8 24. Rfd1 Rb6 25. e3 Bd5 26. exd4 Rxc6 27. dxe5
Rxc5 28. Rxc5 Bxf3 29. Bxf3 Rxd1+ 30. Bxd1 Qd7 31. Be2 Be7 32. Rxb5 Qd2 33. Bf3
Bxb4 34. Rd5 Qe1+ 35. Kg2 Bc3 36. Bd1 Bxe5 37. Bc2 g6 38. h4 Qe2 39. Bd3 Qe1
40. Bc2 h5 41. Bd3 Qc3 42. Rd8+ Kg7 43. Kg1 Bd4 0-1

[Event "293rd YMCA Autumn B"]
[Site "Warsaw"]
[Date "2024.11.28"]
[Round "10"]
[White "Kania, Tomasz"]
[Black "Jaroszuk, Marcin"]
[Result "1/2-1/2"]
[WhiteElo "1824"]
[BlackElo "1747"]
[PlyCount "142"]
[EventDate "2024.09.25"]
[EventType "tourn"]
[EventRounds "1"]
[EventCountry "POL"]
[SourceDate "2024.09.25"]

1. e4 e6 2. d4 d5 3. Nd2 Nf6 4. e5 Nfd7 5. Bd3 c5 6. c3 Nc6 7. Ne2 cxd4 8. cxd4
f6 9. exf6 Qxf6 10. O-O Bd6 11. Nf3 O-O 12. Ng3 e5 13. Qb3 Nb6 14. Bg5 Qf7 15.
dxe5 Nxe5 16. Nxe5 Bxe5 17. Rae1 Bd6 18. Qc2 g6 19. Be3 Bd7 20. Qd2 Rfe8 21.
Ne2 Bf5 22. Bb5 Bd7 23. Bxd7 Nxd7 24. Nc3 Nf6 25. f3 a6 26. Bd4 Nd7 27. Qg5 Bc5
28. Bxc5 Nxc5 29. Nxd5 Kg7 30. Nf4 Qf5 31. Qxf5 gxf5 32. Rxe8 Rxe8 33. Rc1 b6
34. Kf2 Kf7 35. b4 Na4 36. Rc7+ Re7 37. Nd5 Rxc7 38. Nxc7 a5 39. bxa5 bxa5 40.
Nb5 Kf6 41. Ke3 Ke5 42. Na3 f4+ 43. Kd3 Nc5+ 44. Kc4 Na4 45. Kb3 Nc5+ 46. Kc4
Na4 47. Nc2 h5 48. a3 Nb2+ 49. Kb3 Nd1 50. Ka4 Ne3 51. Ne1 Nc4 52. Nd3+ Kf5 53.
Kb3 Ne3 54. Ne1 Ke5 55. Kc3 Kd5 56. Kd3 Nc4 57. Nc2 Nb2+ 58. Kc3 Na4+ 59. Kd2
h4 60. Ne1 Ke5 61. Nd3+ Kf5 62. Kc2 Nb6 63. Kb3 Nd5 64. Ka4 Ne3 65. Ne1 Nc4 66.
Kb3 Ne3 67. Kc3 Ke5 68. Nd3+ Kf5 69. Ne1 Ke5 70. Nd3+ Kf5 71. Ne1 Ke5 1/2-1/2

[Event "293rd YMCA Autumn B"]
[Site "Warsaw"]
[Date "2024.12.04"]
[Round "10"]
[White "Malicka, Magdalena"]
[Black "Mazan, Dawid"]
[Result "1-0"]
[WhiteElo "1703"]
[BlackElo "1710"]
[PlyCount "49"]
[EventDate "2024.09.25"]
[EventType "tourn"]
[EventRounds "1"]
[EventCountry "POL"]
[SourceDate "2024.09.25"]

1. e4 e6 2. d4 d5 3. e5 c5 4. c3 Nc6 5. Nf3 Qb6 6. Bd3 cxd4 7. O-O Bd7 8. Re1
Nge7 9. h4 dxc3 10. Nxc3 g6 11. Bg5 Nf5 12. Bf6 Rg8 13. Bxf5 gxf5 14. Ng5 Bc5
15. Qh5 Nd8 16. Nxd5 Bxf2+ 17. Kh1 exd5 18. e6 Bxe6 19. Rxe6+ Qxe6 20. Nxe6
Nxe6 21. Qxf5 Bc5 22. Qxd5 Rb8 23. Re1 Rg6 24. Qxc5 Rxf6 25. Qe5 1-0

[Event "293rd YMCA Autumn B"]
[Site "Warsaw"]
[Date "2024.11.28"]
[Round "10"]
[White "Pichurko, Jakub"]
[Black "Kasperski, Marcin"]
[Result "0-1"]
[WhiteElo "1772"]
[BlackElo "1737"]
[PlyCount "66"]
[EventDate "2024.09.25"]
[EventType "tourn"]
[EventRounds "1"]
[EventCountry "POL"]
[SourceDate "2024.09.25"]

1. c4 Nf6 2. Nc3 g6 3. g3 Bg7 4. Bg2 O-O 5. e4 d6 6. Nge2 c6 7. O-O a5 8. h3
Na6 9. d3 Nc7 10. Be3 e5 11. f4 Bh6 12. Qd2 Nh5 13. f5 Bxe3+ 14. Qxe3 g5 15. f6
Nf4 16. gxf4 gxf4 17. Nxf4 exf4 18. Rxf4 Kh8 19. Raf1 Rg8 20. Rh4 Rg6 21. e5 d5
22. Kh1 Be6 23. d4 b5 24. c5 Qg8 25. Qf3 Rg5 26. Rf4 Qg6 27. Nd1 Rg3 28. Qf2
Bxh3 29. Rg1 Rg8 30. Rh4 Bxg2+ 31. Kh2 Qg5 32. Qf4 Qxf4 33. Rxf4 R3g5 0-1